Bullet magnet : (Record no. 15634)

000 -LEADER
fixed length control field 01860nam a2200193 a 4500
001 - CONTROL NUMBER
control field ASIN0297859919
005 - DATE AND TIME OF LATEST TRANSACTION
control field 20170105102922.0
008 - FIXED-LENGTH DATA ELEMENTS--GENERAL INFORMATION
fixed length control field 131208s2010 xxu eng d
020 ## - INTERNATIONAL STANDARD BOOK NUMBER
International Standard Book Number 0297859919 (hardcover)
020 ## - INTERNATIONAL STANDARD BOOK NUMBER
International Standard Book Number 9780297859918 (hardcover)
040 ## - CATALOGING SOURCE
Original cataloging agency 0
100 1# - MAIN ENTRY--PERSONAL NAME
Personal name Flynn, Mick.
245 10 - TITLE STATEMENT
Title Bullet magnet :
Remainder of title britain's most highly decorated frontline soldier /
Statement of responsibility, etc. Mick Flynn.
260 ## - PUBLICATION, DISTRIBUTION, ETC.
Place of publication, distribution, etc. [S.l.] :
Name of publisher, distributor, etc. Weidenfeld & Nicolson,
Date of publication, distribution, etc. 2010.
300 ## - PHYSICAL DESCRIPTION
Extent 320 p. ;
Dimensions 24 cm.
520 ## - SUMMARY, ETC.
Summary, etc. Summer 2006, Afghanistan: an apparently deserted village, and a rapidly ticking clock...The relentless Taliban ambush which followed saw several British soldiers dead, two armoured vehicles destroyed - and Corporal of Horse Michael Flynn awarded an MC to go alongside his Conspicuous Gallantry Cross. Mick Flynn has never backed away from a challenge. From his uncompromising South Wales childhood - within a whisker, at one point, of Cardiff Prison - to the streets of Belfast, where he first learned the bitter realities of armed conflict, he's had no difficulty finding and facing trouble. Whether on the storm blasted Falklands cliff tops, where he witnessed the Sir Galahad going down in flames, or in the searing deserts of Iraq, where he and his crew pinned down an entire division of enemy tanks, he has carried the attack with a coolness that has earned him the respect of princes, generals and his fellow soldiers. Mick Flynn has seen action in every major British war zone of the past thirty years and still serves with the legendary Blues & Royals today. Bullet Magnet is his story - the story of an extraordinary modern warrior who mixes warmth and humour, and at times heartbreaking poignancy, with truly breathtaking fighting skills.
856 40 - ELECTRONIC LOCATION AND ACCESS
Materials specified Amazon.com
Uniform Resource Identifier <a href="http://www.amazon.com/exec/obidos/ASIN/0297859919/chopaconline-20">http://www.amazon.com/exec/obidos/ASIN/0297859919/chopaconline-20</a>
942 ## - ADDED ENTRY ELEMENTS (KOHA)
Source of classification or shelving scheme
Koha item type Book
Holdings
Withdrawn status Lost status Damaged status Not for loan Collection code Permanent Location Current Location Shelving location Date acquired Total Checkouts Full call number Barcode Date last seen Price effective from Koha item type
          Centre for International Peace & Stability (CIPS) Centre for International Peace & Stability (CIPS) General Stacks 10/02/2013   357.1092 FLY 2010 CIPS0002325 12/09/2013 12/09/2013 Book
© 2023 Central Library, National University of Sciences and Technology. All Rights Reserved.